|
|
|
|
| LEADER |
00000nla2a2200000 4500 |
| 001 |
650991 |
| 005 |
20251120144031.0 |
| 035 |
|
|
|a (RuTPU)RU\TPU\network\16240
|
| 035 |
|
|
|a RU\TPU\network\16238
|
| 090 |
|
|
|a 650991
|
| 100 |
|
|
|a 20161028d2016 k y0rusy50 ca
|
| 101 |
0 |
|
|a rus
|
| 102 |
|
|
|a RU
|
| 105 |
|
|
|a a z 101zy
|
| 135 |
|
|
|a drgn ---uucaa
|
| 181 |
|
0 |
|a i
|
| 182 |
|
0 |
|a b
|
| 200 |
1 |
|
|a Влияние электролитно-плазменного воздействия на структурно-фазовые превращения в стали 30ХГС
|f Н. А. Попова [и др.]
|
| 203 |
|
|
|a Текст
|c электронный
|
| 225 |
1 |
|
|a Научные основы разработки материалов с многоуровневой иерархической структурой, в том числе для экстремальных условий эксплуатации
|
| 300 |
|
|
|a Заглавие с экрана
|
| 463 |
|
1 |
|0 (RuTPU)RU\TPU\network\16208
|t Перспективные материалы с иерархической структурой для новых технологий и надежных конструкций
|o тезисы докладов Международной конференции, 19-23 сентября 2016 г., Томск
|f Российская академия наук (РАН), Сибирское отделение (СО), Институт физики прочности и материаловедения (ИФПМ)
|v [С. 59]
|d 2016
|
| 610 |
1 |
|
|a электронный ресурс
|
| 610 |
1 |
|
|a труды учёных ТПУ
|
| 610 |
1 |
|
|a электролитно-плазменное воздействие
|
| 610 |
1 |
|
|a структурно-фазовые превращения
|
| 610 |
1 |
|
|a стали
|
| 610 |
1 |
|
|a эксплуатационные свойства
|
| 610 |
1 |
|
|a легированные стали
|
| 610 |
1 |
|
|a нитроцементация
|
| 701 |
|
1 |
|a Попова
|b Н. А.
|
| 701 |
|
1 |
|a Журерова
|b Л. Г.
|
| 701 |
|
1 |
|a Никоненко
|b Е. Л.
|c физик
|c доцент Томского политехнического университета, кандидат физико-математических наук
|f 1962-
|g Елена Леонидовна
|3 (RuTPU)RU\TPU\pers\35777
|9 18934
|
| 701 |
|
1 |
|a Калашников
|b М. П.
|c физик
|c инженер Томского политехнического университета
|g Марк Петрович
|3 (RuTPU)RU\TPU\pers\31797
|
| 701 |
|
1 |
|a Скаков
|b М. К.
|
| 701 |
|
1 |
|a Козлов
|b Э. В.
|
| 712 |
0 |
2 |
|a Национальный исследовательский Томский политехнический университет
|c (2009- )
|9 26305
|
| 801 |
|
1 |
|a RU
|b 63413507
|c 20101016
|
| 801 |
|
2 |
|a RU
|b 63413507
|c 20161028
|g RCR
|
| 856 |
4 |
|
|u http://www.ispms.ru/files/Conference/2016/Sbornik_1.pdf#page=59
|
| 942 |
|
|
|c CF
|